[Event "Kashem Chowdhury Rating-A 2019"]
[Site "Dhaka"]
[Date "2019.05.06"]
[Round "1.10"]
[White "Mohammad, Javed"]
[Black "Alam, Monjur"]
[Result "1-0"]
[WhiteElo "2152"]
[BlackElo "2031"]
[Annotator "TA"]
[PlyCount "73"]
[EventDate "2019.05.04"]
[EventType "swiss"]
[EventCountry "BAN"]
[SourceTitle "playchess.com"]
[Source "ChessBase"]
[SourceQuality "1"]

{[%evp 9,73,0,34,29,33,31,36,39,45,31,28,14,14,25,38,46,33,33,33,39,34,36,98,99,99,99,100,96,101,95,97,91,101,93,102,87,116,52,85,87,82,75,93,85,104,70,74,71,86,70,121,101,183,158,252,257,246,245,334,332,382,369,527,511,594,578]} 1. e4 e6 2. d4 d5 3. Nc3 Nf6 4. e5 Nfd7 5. f4 g6 (5... c5 6. Nf3 Nc6 7. Be3 cxd4 8. Nxd4 Qb6 9. Qd2 Qxb2 10. Rb1 Qa3 11. Bb5 Nxd4 12. Bxd4 a6 13. Bxd7+ Bxd7 14. Rb3 Qe7 15. Rxb7 Rc8 16. Qe3 Qd8 17. O-O Rc4 18. Rfb1 Be7 19. f5 {½-½ (31) Aronian,L (2763)-Vallejo Pons,F (2693) Karlsruhe/Baden Baden 2019}) 6. Nf3 {C11: French: Classical System: 4 e5 and 4 Bg5 dxe4} c5 7. Be3 Nc6 8. Qd2 {White is slightly better.} a6 9. dxc5 Bxc5 10. Nd4 $146 ({Predecessor:} 10. Bxc5 Nxc5 11. Qf2 Qa5 12. Bd3 Na4 13. O-O Nxb2 14. Ne2 Nb4 15. f5 exf5 {½-½ (28) Atoufi,P (2261)-Rosenthal,N (2104) Phoenix 2015}) 10... Qc7 11. O-O-O Nxd4 12. Bxd4 b5 13. Nxd5 exd5 {[#]} 14. e6 $1 {[%cal Re6d7][%mdl 512]} O-O (14... fxe6 15. Bxh8) 15. exd7 Bxd7 (15... Bxd4 $14 16. Qxd4 Bxd7) 16. Bxc5 $16 Qxc5 17. Qxd5 Qxd5 18. Rxd5 Bc6 19. Rd2 Rfe8 20. Bd3 Re3 21. Rf1 Rae8 22. g3 Kg7 23. f5 (23. Rff2 $16) 23... f6 24. fxg6 hxg6 25. Rdf2 R8e6 26. Kd2 f5 27. Re2 (27. Rf4 {keeps more tension.} R3e5 28. Rd4 a5 29. a3 Kf6 30. h4) 27... Rxe2+ 28. Bxe2 $14 {[%mdl 4096] Endgame KRB-KRB} Kf6 29. c4 b4 ({Black should try} 29... Rd6+ $14 30. Ke3 bxc4) 30. Bf3 $16 Bd7 (30... g5 $16) 31. Kd3 $18 Re5 (31... Rd6+ $16 {might work better.} 32. Ke3 Ke5) 32. Rf2 g5 33. Kd4 a5 34. c5 Bb5 35. c6 Ke6 (35... Ba6 $142 36. h4 g4) 36. Rc2 {[#] Black must now prevent c7.} Ba6 37. c7 {Accuracy: White = 67%, Black = 36%.} 1-0

[Event "Kashem Chowdhury Rating-A 2019"]
[Site "Dhaka"]
[Date "2019.05.06"]
[Round "2.1"]
[White "Rahman, Ziaur"]
[Black "Mehdi Hasan Parag"]
[Result "1-0"]
[WhiteElo "2485"]
[BlackElo "2227"]
[Annotator "TA"]
[PlyCount "43"]
[EventDate "2019.05.04"]
[EventType "swiss"]
[EventCountry "BAN"]
[SourceTitle "playchess.com"]
[Source "ChessBase"]
[SourceQuality "1"]

{[%evp 16,43,10,-8,19,0,3,0,0,0,64,70,104,61,54,72,87,86,167,139,299,308,323,325,383,427,662,630,724,505]} 1. Nf3 d5 2. g3 Nf6 3. Bg2 e6 4. O-O Be7 5. c4 O-O 6. b3 b6 7. Bb2 Bb7 8. e3 c5 9. Nc3 Qc8 {A14: English Opening: 1...e6 with b3 by White} 10. Rc1 Rd8 11. Qe2 Nc6 {The position is equal.} 12. d3 a6 $146 ({Black should play} 12... d4 $11 13. exd4 Nxd4 14. Nxd4 Bxg2 15. Kxg2 cxd4) ({Predecessor:} 12... d4 13. exd4 Nxd4 14. Nxd4 cxd4 15. Ne4 Nxe4 16. Bxe4 a5 17. a3 Qd7 18. h4 {½-½ (55) Anton Guijarro,D (2650)-Leko,P (2693) Doha 2016}) 13. cxd5 $14 exd5 14. d4 a5 15. Rfd1 Ba6 16. Qe1 Qf5 (16... Nb4 $16) 17. Na4 $18 Nb4 $2 {[#]} (17... Nd7 $16) 18. Nxb6 Rab8 19. dxc5 Nxa2 20. Nd4 Qh5 (20... Qe5 $142 21. Rc2 Nb4) 21. Nc6 Nxc1 22. Rxc1 1-0

[Event "Kashem Chowdhury Rating-A 2019"]
[Site "Dhaka"]
[Date "2019.05.06"]
[Round "2.2"]
[White "Abdul, Momin"]
[Black "Hossain, Enamul"]
[Result "0-1"]
[WhiteElo "2037"]
[BlackElo "2442"]
[Annotator "TA"]
[PlyCount "98"]
[EventDate "2019.05.04"]
[EventType "swiss"]
[EventCountry "BAN"]
[SourceTitle "playchess.com"]
[Source "ChessBase"]
[SourceQuality "1"]

{[%evp 20,98,-14,-17,-10,-31,-39,-56,-43,-88,-85,-59,-72,-117,-58,-50,-51,-91,-52,-111,-113,-152,-145,-143,-141,-136,-96,-245,-235,-232,-242,-266,-205,-221,-192,-201,-204,-247,-168,-199,-168,-313,-336,-321,-342,-351,-319,-323,-297,-348,-360,-426,-404,-377,-218,-264,-239,-422,-240,-451,-457,-1400,-1328,-1164,-1000,-29993,-29994,-29994,-29993,-29993,-29994,-29994,-29995,-29995,-29996,-29996,-29997,-29998,-29997,-29997,-299]} 1. e4 c5 2. Nf3 e6 3. d4 cxd4 4. Nxd4 a6 5. a3 Nf6 6. Nc3 Qc7 7. Be2 b5 8. O-O Bb7 9. Qd3 d6 10. f4 Nbd7 11. Bf3 Be7 {B43: Sicilian: Kan Variation: 5 Nc3} 12. Kh1 O-O 13. Re1 $146 ({Predecessor:} 13. Qe2 Rac8 14. Be3 Nb6 15. Bf2 Nc4 16. Nd1 d5 17. e5 Ne4 18. Bxe4 dxe4 19. c3 {0-1 (48) Pezelj,N (2439)-Karagiannis,A (2215) Aghios Kirykos 2015}) 13... Rad8 {Black is slightly better.} 14. b3 Rfe8 15. Bb2 Bf8 16. Qd2 {[#]} Nc5 (16... g6 $1 $17) 17. b4 e5 18. Nf5 Ncd7 {[%cal Bc5d7,Bd7b6,Bb6c4][%mdl 32]} 19. Rac1 (19. fxe5 $15 Nxe5 20. Qg5) 19... Nb6 $17 20. fxe5 dxe5 21. Qg5 Nc4 22. Ba1 Bc8 ({Much worse is} 22... Nxa3 $6 {[#]} 23. Nd5 $1 $15 {[%mdl 512]}) 23. Nd5 (23. Ne3 $17) 23... Nxd5 $19 24. exd5 f6 25. Qh5 g6 26. Nh6+ Kh8 27. Qh4 Bg7 28. a4 Nd2 $36 {[%mdl 2048] Black is really pushing.} ({Much less strong is} 28... bxa4 29. Be2 $17) 29. axb5 axb5 {[%cal Ba6b5,Bb5c4][%mdl 32]} 30. Red1 (30. Be2 {might work better.} Rxd5 31. Bd3) 30... Nxf3 31. gxf3 Bb7 32. c4 Bxh6 33. Qxh6 bxc4 34. Qh4 Bxd5 35. Qxf6+ Kg8 {White must now prevent ...Rd6.} 36. Rf1 Re6 (36... Re7 $142 {Strongly threatening ...Rf8.} 37. Qg5 Rf8) 37. Qg5 Rf8 38. Kg2 $2 (38. Qe3 {only move.}) 38... Qc6 (38... Rf5 $142 39. Qg3 Qb6) 39. Qg3 $2 (39. Qe3) 39... e4 40. f4 (40. Bd4 $142 exf3+ 41. Kg1) 40... e3+ 41. Kg1 e2 42. Rfe1 Qb6+ {[%mdl 64] Double Attack. Black mates.} 43. Qf2 Qxf2+ 44. Kxf2 Rxf4+ 45. Kg3 Rf3+ 46. Kg4 h5+ 47. Kg5 Rf5+ 48. Kh4 Re4+ 49. Kh3 Rf3+ {Accuracy: White = 27%, Black = 74%.} 0-1

[Event "Kashem Chowdhury Rating-A 2019"]
[Site "Dhaka"]
[Date "2019.05.06"]
[Round "2.3"]
[White "Mohammad Fahad, Rahman"]
[Black "Mohammad, Javed"]
[Result "1-0"]
[WhiteElo "2322"]
[BlackElo "2152"]
[Annotator "TA"]
[PlyCount "117"]
[EventDate "2019.05.04"]
[EventType "swiss"]
[EventCountry "BAN"]
[SourceTitle "playchess.com"]
[Source "ChessBase"]
[SourceQuality "1"]

{[%evp 14,117,9,0,44,41,36,10,14,0,0,0,25,-14,-11,-33,-18,-27,-15,-33,-17,-20,-28,-28,-14,-14,-4,-44,0,-60,-52,-85,-81,-109,-84,-92,-76,-70,-51,-77,-71,-71,-60,-71,-79,-108,-10,-10,0,0,0,-4,48,41,130,131,139,131,257,243,236,192,195,195,187,177,176,185,173,174,151,102,189,139,139,130,224,109,191,139,155,155,155,155,155,101,246,228,654,235,482,184,1299,1316,6424,5518,29975,29973,29937,6773,29981,29982,29986,29987,29989,29989]} 1. e4 c5 2. Nf3 Nc6 3. Nc3 g6 4. d4 cxd4 5. Nxd4 Bg7 6. Be3 Nf6 7. Bc4 O-O 8. Bb3 Re8 {B35: Sicilian: Accelerated Dragon with 5 Nc3: main line} 9. O-O (9. f3 d5 10. exd5 Nb4 11. Nde2 e6 12. Bd4 exd5 13. Qd2 Nc6 14. O-O-O Nxd4 15. Nxd4 Bd7 16. g4 {1-0 (33) Navara,D (2740)-Gelfand,B (2703) Batumi 2018}) 9... d6 10. Nxc6 bxc6 {The position is equal.} 11. Qe2 $146 ({Predecessor:} 11. f4 Ng4 12. Bd4 Bxd4+ 13. Qxd4 Qb6 14. Qxb6 axb6 15. h3 Nh6 16. g4 {0-1 (53) Villanueva,M (2436)-Spangenberg,H (2487) Buenos Aires 2015}) 11... Ng4 12. Bf4 Qb6 13. h3 (13. Qf3 {with more complications.} Rf8 14. Qg3 Rb8 15. Bg5 Re8 16. h3) 13... Ne5 14. Be3 Qa5 {Threatening ...Ba6.} 15. Rfe1 Ba6 16. Qd2 Nc4 17. Bxc4 $1 Bxc4 18. Bd4 e5 $36 {[%mdl 2048] Black has the initiative.} 19. Be3 Rad8 20. Nb1 Qa6 21. Na3 ({White has to play} 21. b3 $1 $11 Be6 22. Bh6) 21... Be6 $15 22. Rad1 d5 23. Bh6 Bh8 24. c3 Qb6 25. Be3 d4 26. cxd4 exd4 27. Bg5 f6 28. Bf4 Bg7 29. Rc1 Bf8 (29... Qa6 $1 $17 30. f3 Bf8) 30. Nc4 $11 Qa6 31. b3 Qb5 {Threatens to win with ...Bb4.} 32. Qd3 f5 (32... a5 $11) 33. e5 $14 Bd5 (33... c5 $14) 34. Qxd4 Bxg2 35. Nd6 Bxd6 (35... Qd5 $16 {was worth a try.} 36. Qxd5+ Bxd5) 36. exd6 $18 {Black must now prevent Bh6.} Qd5 37. Qxd5+ Bxd5 38. Rxe8+ $1 Rxe8 {[%mdl 4096] Endgame KRB-KRB} 39. Bg5 {And now d7 would win.} Be6 40. Rxc6 {Rc7 is the strong threat.} Rc8 41. Ra6 $1 Ra8 42. Be3 Kf8 (42... Kf7 $16) 43. Rxa7 Rxa7 44. Bxa7 {KB-KB} Ke8 (44... f4 $16 {keeps fighting.}) 45. Kg2 (45. f4 $1 $18) 45... g5 (45... Kd7 $16) 46. h4 ({White should play} 46. f4 $18) 46... h6 47. hxg5 hxg5 48. Kf3 Kd7 {[#]} 49. Bc5 (49. Bb8 $142 $1) 49... Bd5+ (49... Kc6 $16 50. Bb4 Kd5) 50. Ke3 Be4 $2 (50... f4+ 51. Kd4 Bg8) 51. Kd4 $2 (51. b4 Bc6 52. Kd4) 51... Ke6 $2 (51... Bf3 52. Ke5 f4) 52. a4 $2 (52. b4 Bc6 53. Kc4) 52... Bc6 $2 (52... Bf3 53. a5 f4) 53. Ba3 g4 54. Kc5 Be4 55. Bc1 Bc2 56. a5 {[%cal Ba4a5,Ba5a6][%mdl 32]} Bxb3 57. a6 {White mates.} Bc2 {[#]} 58. Kc6 $1 Ba4+ 59. Kc7 {Accuracy: White = 56%, Black = 24%.} 1-0

[Event "Kashem Chowdhury Rating-A 2019"]
[Site "Dhaka"]
[Date "2019.05.06"]
[Round "2.4"]
[White "Islam, Kh. Aminul"]
[Black "Sonkalan Bharati"]
[Result "1/2-1/2"]
[WhiteElo "2229"]
[BlackElo "2122"]
[Annotator "TA"]
[PlyCount "31"]
[EventDate "2019.05.04"]
[EventType "swiss"]
[EventCountry "BAN"]
[SourceTitle "playchess.com"]
[Source "ChessBase"]
[SourceQuality "1"]

{[%evp 22,31,2,-8,0,-33,-31,-32,-28,-23,-33,-62]} 1. d4 Nf6 2. c4 g6 3. Nc3 Bg7 4. Nf3 O-O 5. Bg5 h6 6. Bh4 d6 7. e3 Nbd7 8. Be2 c6 9. O-O g5 10. Bg3 Nh5 11. Nd2 Nxg3 12. hxg3 f5 {E61: King's Indian: Early deviations for White, including Smyslov System} 13. Bd3 $146 ({Predecessor:} 13. Qc2 e5 14. dxe5 dxe5 15. g4 Nc5 16. gxf5 Bxf5 17. Nde4 Qe8 18. g4 Bh7 19. b4 Nxe4 20. Nxe4 {½-½ (36) Wierzbicki,M (1919)-Kowalski,I (2308) Szklarska Poreba 2019}) 13... e5 14. Qc2 e4 15. Be2 g4 16. Bd1 1/2-1/2

[Event "Kashem Chowdhury Rating-A 2019"]
[Site "Dhaka"]
[Date "2019.05.06"]
[Round "2.5"]
[White "Ahmed, Sk. Nasir"]
[Black "Md.abu, Hanif"]
[Result "1/2-1/2"]
[WhiteElo "2170"]
[BlackElo "2042"]
[Annotator "TA"]
[PlyCount "128"]
[EventDate "2019.05.04"]
[EventType "swiss"]
[EventCountry "BAN"]
[SourceTitle "playchess.com"]
[Source "ChessBase"]
[SourceQuality "1"]

{[%evp 15,128,0,0,0,16,14,56,26,2,4,34,14,15,-20,47,33,21,6,79,67,64,70,72,72,101,23,33,25,20,25,20,10,7,0,0,0,0,0,6,6,6,6,6,7,14,0,0,0,8,8,8,8,8,8,8,8,8,0,8,8,8,8,8,8,8,8,20,20,20,20,20,20,20,20,22,22,22,22,22,8,8,8,8,12,32,32,32,32,32,32,32,0,0,0,0,0,0,0,0,0,0,0,0,0,0,0,0,0,0,0,0,0,0,0,0]} 1. e4 c6 2. d4 d5 3. exd5 cxd5 4. c4 Nf6 5. Nc3 e6 6. Nf3 Nc6 7. Bg5 Be7 8. Rc1 O-O 9. c5 {B14: Caro-Kann: Panov-Botvinnik Attack with 5...e6 and 5...g6} b6 10. Bb5 Bd7 11. Bxc6 {White is slightly better.} Bxc6 12. b4 bxc5 13. dxc5 $146 ({Predecessor:} 13. bxc5 Rb8 14. Ne5 Qc8 15. O-O h6 16. Bh4 Re8 {1-0 (34) Artemiev,V (2691)-Le,Q (2737) Huaian 2017}) 13... Rb8 14. Rb1 a5 ({Black should play} 14... Ne4 $11 15. Nxe4 dxe4 16. Qxd8 Bxd8) 15. a3 axb4 16. axb4 Nd7 (16... Ne4 $11 {keeps the balance.} 17. Nxe4 dxe4 18. Qxd8 Bxd8) 17. Bxe7 $16 Qxe7 18. O-O $1 Ba8 19. Re1 h6 20. Nxd5 (20. Nd4 $16) 20... Bxd5 $11 {[#]} 21. Qxd5 $1 {[%mdl 512]} exd5 22. Rxe7 Nxc5 $1 23. Nd4 Rfc8 24. b5 Ne6 25. Nxe6 Rxb5 {[%cal Rb5b1] [#]} 26. Ra1 {Strongly threatening Nf4.} fxe6 {[%mdl 4096] Endgame KRR-KRR} 27. g3 d4 28. Raa7 Rg5 29. Rxe6 Rd8 30. f4 d3 {Hoping for ...d2!} 31. fxg5 d2 $132 {[%mdl 2048] Black is not keeping still} 32. Ra1 {Black must now prevent Rd1.} d1=R+ 33. Rxd1 Rxd1+ {KR-KR} 34. Kg2 hxg5 35. Kf3 Rd2 36. Re2 Rd4 37. Re4 Rd2 38. h3 Kf7 39. Kg4 Kf6 40. Ra4 Rd3 41. Ra6+ Kf7 42. Ra5 Rb3 43. Rf5+ Kg8 44. Rxg5 Rb4+ 45. Kh5 Rb6 46. Ra5 Kh7 47. Kg5 Rb3 48. Kh4 Rb4+ 49. g4 Rb3 50. Ra6 Rb5 51. g5 g6 52. Ra7+ Kg8 53. Kg4 Rb4+ {The position is equal.} 54. Kf3 Rb3+ 55. Kf4 Rxh3 56. Ke5 Rf3 57. Ke6 Rf1 58. Ra5 Kg7 59. Ra7+ Kg8 60. Ra5 Kg7 61. Ra7+ Kg8 62. Ra5 Kg7 63. Ra7+ Kg8 64. Ra5 Kg7 {Accuracy: White = 67%, Black = 65%.} 1/2-1/2

[Event "Kashem Chowdhury Rating-A 2019"]
[Site "Dhaka"]
[Date "2019.05.06"]
[Round "2.6"]
[White "Nayem, Haque"]
[Black "Mohammad Minhaz Uddin"]
[Result "0-1"]
[WhiteElo "2106"]
[BlackElo "2294"]
[Annotator "RC"]
[PlyCount "36"]
[EventDate "2019.05.04"]
[EventType "swiss"]
[EventCountry "BAN"]
[SourceTitle "playchess.com"]
[Source "ChessBase"]
[SourceQuality "1"]
[TimeControl "5400+30"]

1. e4 {[%emt 0:00:00]} e5 {[%emt 0:38:51]} 2. Nf3 {[%emt 0:00:00]} Nf6 {[%emt 0:00:12]} 3. Nxe5 {[%emt 0:00:00]} d6 {[%emt 0:00:16]} 4. Nd3 {[%emt 0:00:00]} Nxe4 {[%emt 0:00:03]} 5. Qe2 {[%emt 0:00:00]} Qe7 {[%emt 0:00:16]} 6. Nf4 {[%emt 0:00:02]} c6 {[%emt 0:00:22]} 7. d3 {[%emt 0:00:43]} Nf6 {[%emt 0:03:19]} 8. Nc3 {[%emt 0:00:18]} Bf5 {[%emt 0:05:58]} 9. f3 {[%emt 0:01:55]} Na6 {[%emt 0:05:55]} 10. Qxe7+ {[%emt 0:01:14]} Bxe7 {[%emt 0:00:03]} 11. Ne4 {[%emt 0:03:08]} O-O-O {[%emt 0:05:23]} 12. Ng3 {[%emt 0:00:39]} Bd7 {[%emt 0:00:09]} 13. Bd2 {[%emt 0:00:13]} d5 {[%emt 0:01:45]} 14. d4 {[%emt 0:00:46]} Nc7 {[%emt 0:00:14]} 15. Bd3 {[%emt 0:00:58]} Rhe8 {[%emt 0:00:42]} 16. Kf2 {[%emt 0:00:29]} g6 {[%emt 0:00:57]} 17. c3 {[%emt 0:03:05]} h5 {[%emt 0:01:45]} 18. h4 {[%emt 0:01:31]} Ng8 {[%emt 0:00:52]} 0-1

[Event "Kashem Chowdhury Rating-A 2019"]
[Site "Dhaka"]
[Date "2019.05.06"]
[Round "2.7"]
[White "Hossain, Showkat Pollab"]
[Black "Ahmed, Mahtabuddin"]
[Result "1/2-1/2"]
[WhiteElo "2150"]
[BlackElo "2036"]
[Annotator "TA"]
[PlyCount "148"]
[EventDate "2019.05.04"]
[EventType "swiss"]
[EventCountry "BAN"]
[SourceTitle "playchess.com"]
[Source "ChessBase"]
[SourceQuality "1"]

{[%evp 12,148,39,31,37,0,13,-25,43,37,64,56,59,51,33,0,0,0,-2,-16,0,0,8,0,6,8,8,0,0,0,6,-31,0,0,0,0,0,0,0,-12,-12,-15,-16,-12,-18,-12,-13,-10,0,0,0,-32,-22,-35,-12,-13,-23,-20,0,0,0,0,0,0,0,0,0,0,37,0,73,9,24,0,-6,-6,-6,-6,0,0,0,0,7,0,0,0,0,0,0,0,0,0,0,-43,0,0,8,3,3,0,0,0,0,0,0,0,0,0,0,0,0,0,0,0,0,0,41,61,61,56,77,87,359,344,333,0,0,0,4952,0,0,0,0,0,0,0,0,0,0]} 1. e4 e5 2. Nf3 d6 3. d4 Nd7 4. Bc4 c6 5. O-O Be7 6. a4 Ngf6 7. Nc3 {[%cal Bb1c3,Bc3e4,Be4d6][%mdl 32]} a5 {C41: Philidor Defence} 8. Nh4 (8. Re1 O-O 9. h3 h6 10. Be3 Qc7 11. d5 Rd8 12. Qd3 Nc5 13. Bxc5 dxc5 14. Qe3 Nh5 15. Rad1 Rb8 16. dxc6 Rxd1 17. Nxd1 bxc6 18. Qc3 {½-½ (83) Karjakin,S (2771)-Jobava,B (2713) Dubai 2014}) 8... Nb6 $146 ({Predecessor:} 8... O-O 9. Nf5 Nb6 10. Nxe7+ Qxe7 11. Be2 Be6 12. b3 Rfd8 13. f4 d5 14. Ba3 Qe8 15. fxe5 Nxe4 {1-0 (33) Schmittdiel,E-Kruener,A Hohenlimburg 1978}) 9. Be2 Nxe4 (9... d5 $11) 10. Nxe4 $14 Bxh4 11. dxe5 dxe5 12. Nd6+ $1 Ke7 13. Be3 {Threatens to win with Bc5.} Qxd6 14. Qxd6+ Kxd6 15. Bxb6 Ke7 16. Rad1 Bf5 17. Bd3 Be6 18. Rfe1 Bf6 19. Bc5+ Ke8 20. Bd6 g6 21. c3 Kd7 22. Bc4 Bxc4 23. Bxe5+ Ke7 24. Bd6+ Kd7 25. Be7+ Kc7 {...Bg7 is the strong threat.} 26. Bxf6 Rhe8 27. Be5+ Kb6 28. b3 Be6 29. Bd4+ Kc7 30. Be5+ Kb6 31. f4 Rad8 32. b4 axb4 33. cxb4 Ka6 34. b5+ cxb5 35. axb5+ Kb6 36. Bd4+ Kxb5 37. Rb1+ Kc4 38. Bf6 {Hoping for Rec1+.} Rd7 39. Rec1+ Kd3 40. Rc3+ {[%mdl 1024] White has compensation.} Ke4 (40... Ke2 $1 $11) 41. Re1+ ({White should play} 41. Rc5 $1 $16 Bd5 42. Re1+ Kf5 43. Rxe8 Kxf6 44. Re2) 41... Kf5 42. Bh4 {And now Rc5+ would win.} Rd5 (42... Kxf4 $2 43. h3 $18) 43. h3 h5 44. Rce3 Rc8 45. Kh2 {White wants to mate with Re5+.} Rcc5 46. Be7 Rb5 47. Kg3 {aiming for Kh4.} g5 $1 {[%cal Rg5f4]} 48. Bxg5 Rb2 49. Re5+ Rxe5 50. Rxe5+ $11 {[%mdl 4096] Endgame KRB-KRB} Kg6 51. Be7 Bf5 52. Rc5 b5 53. Rc6+ Kh7 54. Rf6 Be6 55. Bd6 b4 56. Be5 Rc2 57. f5 Bd5 58. Rd6 Rxg2+ ({Weaker is} 58... Bxg2 59. Rd8 Kh6 60. Bf6 h4+ 61. Kxh4 Rc4+ 62. Kg3 Rc3+ 63. Kh2 Rxh3+ 64. Kxg2 Rh2+ 65. Kxh2 Kh5 66. Rd4 Kh6 67. Rh4#) 59. Kh4 Be4 60. Kxh5 {Intending Rh6+ and mate.} Bf3+ 61. Kh4 b3 62. Rd8 {[%csl Ge5][%cal Rd8h8]} Rg8 63. Rd7 Rf8 64. Kg5 Be4 65. Kf6 Bc2 66. Rd4 Ra8 $2 {[%mdl 8192] [#]} (66... Rc8 $16) 67. Rh4+ $1 $18 ({Stronger than} 67. Kxf7 Ra7+ 68. Kf6 Ra6+ 69. Kg5 Ra5 $11) 67... Kg8 68. Kg5 $2 (68. Rg4+ $18 Kh7 69. Rg7+ {[%mdl 64] Double Attack} (69. Kxf7 Ra7+ 70. Ke6 Ra6+ 71. Kf7 Ra7+ 72. Kf6 Ra6+ 73. Kg5 Ra5 $11) 69... Kh8 70. Rxf7) 68... f6+ $1 $11 69. Bxf6 {Black must now prevent Rh8+.} Ra2 $2 {[%mdl 8192] [#]} (69... Ra5 $11) 70. Rb4 $2 ({White has to play} 70. Kg6 $1 $18 {[%csl Gf6][%cal Rh4h8]} Bxf5+ 71. Kxf5) 70... Ra5 $1 {[%cal Ra5f5] The position is equal.} 71. Rb8+ Kf7 72. Rb7+ Kg8 73. Rb8+ Kf7 74. Rb7+ Kg8 {Accuracy: White = 63%, Black = 53%.} 1/2-1/2

[Event "Kashem Chowdhury Rating-A 2019"]
[Site "Dhaka"]
[Date "2019.05.06"]
[Round "2.8"]
[White "Md. Jamal Uddin"]
[Black "Islam, Mohammad Aminul"]
[Result "1-0"]
[WhiteElo "2084"]
[BlackElo "2027"]
[Annotator "NA RC"]
[PlyCount "41"]
[EventDate "2019.05.04"]
[EventType "swiss"]
[EventCountry "BAN"]
[SourceTitle "playchess.com"]
[Source "ChessBase"]
[SourceQuality "1"]
[TimeControl "5400+30"]

1. d4 {[%emt 0:00:00]} Nf6 {[%emt 0:04:26]} 2. c4 {[%emt 0:00:00]} d6 {[%emt 0:00:51]} 3. Nc3 {[%emt 0:00:10]} g6 {[%emt 0:01:13]} 4. e4 {[%emt 0:00:16]} Bg7 {[%emt 0:00:06]} 5. Be2 {[%emt 0:00:38]} Nbd7 {[%emt 0:02:00]} 6. Bg5 {[%emt 0:01:06]} h6 {[%emt 0:00:20]} 7. Be3 {[%emt 0:00:19]} c5 {[%emt 0:03:38]} 8. d5 {[%emt 0:04:28]} Qa5 {[%emt 0:03:13]} 9. Bd2 {[%emt 0:00:46]} a6 {[%emt 0:01:03]} 10. Qc2 {[%emt 0:00:38]} O-O {[%emt 0:01:02]} 11. Nf3 {[%emt 0:00:53]} Rb8 {[%emt 0:02:44]} 12. O-O {[%emt 0:01:26]} Qc7 {[%emt 0:02:08]} 13. h3 {[%emt 0:01:35]} Re8 {[%emt 0:03:01]} 14. a4 {[%emt 0:02:56]} e6 {[%emt 0:02:35]} 15. dxe6 {[%emt 0:01:19]} Rxe6 {[%emt 0:00:44]} 16. Rae1 {[%emt 0:01:39]} b6 {[%emt 0:01:10]} 17. Nd5 {[%emt 0:01:23]} Qd8 {[%emt 0:09:36]} 18. Bd3 {[%emt 0:02:07]} Bb7 {[%emt 0:07:32]} 19. Bc3 {[%emt 0:03:51]} Nxd5 {[%emt 0:04:44]} 20. exd5 {[%emt 0:00:43]} Rxe1 {[%emt 0:04:05]} 21. Rxe1 {[%emt 0:00:31]} 1-0

[Event "Kashem Chowdhury Rating-A 2019"]
[Site "Dhaka"]
[Date "2019.05.06"]
[Round "2.9"]
[White "Rahman, Syed Mahfuzur"]
[Black "Avik, Sarker"]
[Result "1-0"]
[WhiteElo "2217"]
[BlackElo "2000"]
[Annotator "TA"]
[PlyCount "33"]
[EventDate "2019.05.04"]
[EventType "swiss"]
[EventCountry "BAN"]
[SourceTitle "playchess.com"]
[Source "ChessBase"]
[SourceQuality "1"]

{[%evp 16,31,29,21,21,21,21,19,11,16,19,12,17,18,26,0,0,0]} 1. d4 d5 2. c4 e6 3. Nc3 Nf6 4. Bg5 Be7 5. Nf3 Nbd7 6. e3 h6 7. Bh4 O-O 8. Qc2 c5 9. cxd5 cxd4 {D61: Queen's Gambit Declined: Classical: 7 Qc2} (9... Nxd5 10. Bxe7 Qxe7 11. Be2 Nxc3 12. Qxc3 b6 13. O-O Bb7 14. Rac1 Rfc8 15. Qa3 Qf8 16. Bb5 Nf6 17. dxc5 Bxf3 18. gxf3 bxc5 {½-½ (32) Gupta,A (2615)-Anand,V (2776) chess.com INT 2018}) 10. Nxd4 Nxd5 11. Bxe7 Nxe7 12. Be2 Nf6 13. O-O Bd7 14. Rfd1 Qb6 15. a4 {[%cal Ba2a4,Ba4a5][%mdl 32]} Rac8 16. a5 {[%mdl 32768] Loss on time!?} {Predecessor:} Qb4 $146 17. a6 {1-0 (56) Alekhine,A-Da Silva Rocha,A Rio de Janeiro 1939} 1-0

[Event "Kashem Chowdhury Rating-A 2019"]
[Site "Dhaka"]
[Date "2019.05.06"]
[Round "2.10"]
[White "Chowdhury, Sohel"]
[Black "Sumit, Kumar"]
[Result "0-1"]
[WhiteElo "2044"]
[BlackElo "2201"]
[Annotator "TA"]
[PlyCount "38"]
[EventDate "2019.05.04"]
[EventType "swiss"]
[EventCountry "BAN"]
[SourceTitle "playchess.com"]
[Source "ChessBase"]
[SourceQuality "1"]

{[%evp 22,38,30,12,12,8,41,19,66,56,66,60,65,54,54,50,80,65,90]} 1. e4 e5 2. Nf3 Nc6 3. Bb5 a6 4. Ba4 Nf6 5. O-O Be7 6. Re1 b5 7. Bb3 d6 8. c3 O-O 9. h3 Na5 10. Bc2 c5 11. d4 Nd7 12. d5 Nb6 {C96: Closed Ruy Lopez: Chigorin Defence: 11 d4, replies other than 11...Qc7} 13. Nbd2 f5 {[#]} (13... Bd7 14. Nf1 Nb7 15. b3 a5 16. Rb1 c4 17. bxc4 Nxc4 18. a4 Qc7 19. axb5 Nb6 20. Be3 {0-1 (58) Hou,Y (2680)-Caruana,F (2811) Wijk aan Zee 2018}) 14. a4 $146 ({Predecessor:} 14. exf5 Bxf5 15. Bxf5 Rxf5 16. Ne4 Qd7 17. Nfg5 Bxg5 18. Bxg5 Nb7 19. Qd2 Qf7 20. Rad1 {0-1 (49) Hou,Y (2680)-Obregon,C (2514) chess.com INT 2018}) 14... Bd7 {The position is equal.} 15. axb5 axb5 16. exf5 $1 Bxf5 17. Bxf5 Rxf5 18. Ne4 Nac4 19. Rb1 Na5 {[%mdl 32768] Loss on time!?} 0-1